Vzorník pro oceňování králíků čistokrevných plemen na výstavách v Československé republice /

Hlavní autor: Fingerland, Jaroslav
Jazyk: Čeština
Vydáno: Praha : Jednota chovatelů drobného hospodářského zvířectva, 1952
Vydání: 5., opravené vydání
Fyzický popis: 95 stran : ilustrace ; 8°
Knihy
Uloženo v:
LEADER 00960nam a22002652i 4500
001 001475409
003 CZ BrMZK
005 20151023124100.0
007 ta
008 150615s1952 xr a er|||||||||||cze d
015 |a cnb000408093 
035 |a (OCoLC)85176142 
040 |a ABA001  |b cze  |c PNA001  |d ABA001  |d BOa001  |e rda 
100 1 |a Fingerland, Jaroslav  |7 jn19981001137  |4 aut 
245 1 0 |a Vzorník pro oceňování králíků čistokrevných plemen na výstavách v Československé republice /  |c Jaroslav Fingerland 
250 |a 5., opravené vydání 
264 1 |a Praha :  |b Jednota chovatelů drobného hospodářského zvířectva,  |c 1952 
300 |a 95 stran :  |b ilustrace ;  |c 8° 
336 |a text  |b txt  |2 rdacontent 
337 |a bez média  |b n  |2 rdamedia 
338 |a svazek  |b nc  |2 rdacarrier 
910 |a BOA001  |b 2-0298.540 
990 |a BK 
991 |b 201506 
996 6 |b 2618836521  |c 2-0298.540  |l MZK  |r Sklad / do 24 hodin  |n 0  |w 001510575  |u 000010  |a 1  |e BOA001  |j MZK50  |s P